[Event "SRB-chT (Women) Div1"]
[Site "Senta"]
[Date "2023.10.13"]
[Round "4.4"]
[White "Benderac, Ana"]
[Black "Zarkovic, Mila"]
[Result "1/2-1/2"]
[WhiteElo "2092"]
[BlackElo "2199"]
[PlyCount "102"]
[EventDate "2023.10.10"]
[EventType "team-tourn"]
[EventRounds "11"]
[EventCountry "SRB"]
[SourceTitle "Mega2024 Update 01"]
[Source "Chessbase"]
[SourceDate "2023.11.12"]
[SourceVersion "1"]
[SourceVersionDate "2023.11.12"]
[SourceQuality "1"]
[WhiteTeam "Nis Osnovac (W)"]
[BlackTeam "Sremska Mitrovica Sirmium (W)"]
[WhiteTeamCountry "SRB"]
[BlackTeamCountry "SRB"]

1. d4 Nf6 2. Nf3 e6 3. g3 b6 4. Bg2 Bb7 5. c4 Bb4+ 6. Bd2 Qe7 7. 0-0 Bxd2 8. Qxd2 d6 9. Nc3 0-0 10. Rfd1 Ne4 11. Nxe4 Bxe4 12. Qe3 Bb7 13. Rac1 Nd7 14. Ne5 Bxg2 15. Nxd7 Qxd7 16. Kxg2 a5 17. c5 bxc5 18. dxc5 Qc6+ 19. f3 d5 20. Rd4 Rfb8 21. b3 Rb4 22. Rxb4 axb4 23. Rc2 h6 24. Qd4 Qb5 25. c6 Ra6 26. Kf2 Kf8 27. e4 Rxc6 28. Rxc6 Qxc6 29. Qxb4+ Kg8 30. exd5 Qc2+ 31. Ke3 exd5 32. Qd2 Qc5+ 33. Qd4 Qc1+ 34. Qd2 Qc5+ 35. Ke2 Qa3 36. f4 c5 37. Qxd5 Qxa2+ 38. Kf3 Qa5 39. Qd3 Qb4 40. Qd8+ Kh7 41. Qd3+ Kg8 42. h4 h5 43. Qd8+ Kh7 44. Qd5 Qc3+ 45. Kf2 Qc2+ 46. Ke3 f5 47. Qd3 Qc1+ 48. Ke2 Kg6 49. Qd6+ Kh7 50. Qd3 Kg6 51. Qd6+ Kh7 1/2-1/2

[Event "SRB-chT (Women)"]
[Site "Custica"]
[Date "2022.10.25"]
[Round "4.1"]
[White "Palamarevic, Mina"]
[Black "Zarkovic, Mila"]
[Result "1/2-1/2"]
[WhiteElo "1689"]
[BlackElo "2219"]
[PlyCount "75"]
[EventDate "2022.10.22"]
[EventType "team-tourn"]
[EventRounds "11"]
[EventCountry "SRB"]
[SourceTitle "EXT 2024"]
[Source "ChessBase"]
[SourceDate "2023.10.10"]
[SourceVersion "1"]
[SourceVersionDate "2023.10.10"]
[SourceQuality "1"]
[WhiteTeam "Belgrade Vitez (W)"]
[BlackTeam "Sremska Mitrovica Sirmium (W)"]
[WhiteTeamCountry "SRB"]
[BlackTeamCountry "SRB"]

1. d4 Nf6 2. Nf3 e6 3. Bf4 c5 4. e3 Nc6 5. c3 d5 6. Nbd2 Nh5 7. Bg3 Nxg3 8. hxg3 g6 9. Bb5 Bd7 10. dxc5 Bxc5 11. Qc2 a6 12. Bd3 Qe7 13. 0-0 0-0 14. e4 Rac8 15. Qb3 Na5 16. Qd1 Ba7 17. exd5 exd5 18. Nb3 Nc6 19. Re1 Qf6 20. Qd2 Bg4 21. Be2 Rfe8 22. Rad1 Rcd8 23. Nbd4 Nxd4 24. Nxd4 Bxd4 25. Bxg4 Ba7 26. Rxe8+ Rxe8 27. Bf3 Kg7 28. Bxd5 b5 29. Bf3 Re7 30. Re1 Rxe1+ 31. Qxe1 Qg5 32. Kf1 Qc5 33. Qd2 Qc4+ 34. Qe2 Qxa2 35. Qe5+ Kg8 36. Qe8+ Kg7 37. Qe5+ Kg8 38. Qe4 1/2-1/2

[Event "EU-Cup (Women) 26th"]
[Site "Mayrhofen"]
[Date "2022.10.08"]
[Round "6.4"]
[White "Thorsteinsdottir, Gudlaug"]
[Black "Zarkovic, Mila"]
[Result "0-1"]
[WhiteElo "2014"]
[BlackElo "2219"]
[PlyCount "85"]
[EventDate "2022.10.03"]
[EventType "team-swiss"]
[EventRounds "7"]
[EventCountry "AUT"]
[SourceTitle "CBM 210 Extra"]
[Source "ChessBase"]
[SourceDate "2022.11.30"]
[SourceVersion "1"]
[SourceVersionDate "2022.11.30"]
[SourceQuality "1"]
[WhiteTeam "Gardabaer (W)"]
[BlackTeam "Sirmium (W)"]
[WhiteTeamCountry "ISL"]
[BlackTeamCountry "SRB"]

1. d4 Nf6 2. Nf3 e6 3. g3 b6 4. Bg2 Bb7 5. 0-0 Be7 6. c4 0-0 7. Nc3 Ne4 8. Qc2 Nxc3 9. Qxc3 f5 10. Rd1 Bf6 11. b4 d6 12. Bb2 Nd7 13. Qd2 a5 14. a3 Be4 15. Ne1 Bxg2 16. Nxg2 Qe7 17. Bc3 axb4 18. axb4 Bg5 19. Qc2 Qf7 20. Rxa8 Rxa8 21. Ra1 Rxa1+ 22. Bxa1 f4 23. gxf4 Bxf4 24. Qe4 Bd2 25. b5 h6 26. e3 Nf6 27. Qc2 Bb4 28. Nf4 d5 29. Nd3 Bd6 30. c5 Qg6+ 31. Kf1 Bxh2 32. cxb6 cxb6 33. Ke2 Ne4 34. Qc6 Qg4+ 35. Ke1 Qg1+ 36. Ke2 Qg4+ 37. Ke1 Bg1 38. Qe8+ Kh7 39. Qf7 Bh2 40. Bb2 Qg1+ 41. Ke2 Qb1 42. Qh5 Qc2+ 43. Kf3 0-1

[Event "EU-Cup (Women) 26th"]
[Site "Mayrhofen"]
[Date "2022.10.03"]
[Round "1.2"]
[White "Zarkovic, Mila"]
[Black "Rapport, Jovana"]
[Result "0-1"]
[WhiteElo "2219"]
[BlackElo "2295"]
[PlyCount "67"]
[EventDate "2022.10.03"]
[EventType "team-swiss"]
[EventRounds "7"]
[EventCountry "AUT"]
[SourceTitle "CBM 210 Extra"]
[Source "ChessBase"]
[SourceDate "2022.11.30"]
[SourceVersion "1"]
[SourceVersionDate "2022.11.30"]
[SourceQuality "1"]
[WhiteTeam "Sirmium (W)"]
[BlackTeam "Superbet ASE (W)"]
[WhiteTeamCountry "SRB"]
[BlackTeamCountry "ROU"]

1. e4 e6 2. d4 d5 3. Nc3 Bb4 4. exd5 exd5 5. Bd3 c6 6. Nge2 Ne7 7. Bg5 f6 8. Bf4 Bf5 9. 0-0 0-0 10. Ng3 Bxd3 11. Qxd3 Na6 12. Nce2 Bd6 13. c3 Nc7 14. Rae1 Ne6 15. Bxd6 Qxd6 16. Nf5 Nxf5 17. Qxf5 Rae8 18. Ng3 g6 19. Qf3 f5 20. Re5 Ng5 21. Qe2 Rxe5 22. dxe5 Qc5 23. h4 Ne6 24. Kh1 Qe7 25. Rd1 Qxh4+ 26. Kg1 f4 27. Nf1 f3 28. Qe3 fxg2 29. Ng3 Qh3 30. Qxa7 Nf4 31. Qe3 Nh5 32. Qh6 Rf3 33. e6 Rxg3 34. fxg3 0-1

[Event "SRB-chT (Women) Div1"]
[Site "Vrnjacka Banja"]
[Date "2021.09.14"]
[Round "9.3"]
[White "Zarkovic, Mila"]
[Black "Vukosavljevic, Tatjana"]
[Result "1-0"]
[WhiteElo "2204"]
[BlackElo "1708"]
[PlyCount "60"]
[EventDate "2021.09.07"]
[EventType "tourn"]
[EventRounds "11"]
[EventCountry "SRB"]
[SourceTitle "CBM 204 Extra"]
[Source "ChessBase"]
[SourceDate "2021.11.30"]
[SourceVersion "1"]
[SourceVersionDate "2021.11.30"]
[SourceQuality "1"]
[WhiteTeam "Sremska Mitrovica Sirmium (W)"]
[BlackTeam "Belgrade Vidikovac (W)"]
[WhiteTeamCountry "SRB"]
[BlackTeamCountry "SRB"]

1. e4 e5 2. Nf3 Nf6 3. Nxe5 d6 4. Nf3 Nxe4 5. Nc3 Nxc3 6. dxc3 Be7 7. Bf4 Nd7 8. Qd2 0-0 9. 0-0-0 Nc5 10. h4 Bd7 11. Be3 Ne6 12. Bd3 Re8 13. Ng5 Nf8 14. Qe2 Qc8 15. Qh5 g6 16. Qh6 Bf6 17. Bd4 Bxd4 18. cxd4 Bf5 19. Bc4 Be6 20. Bxe6 Rxe6 21. Nxe6 Qxe6 22. Kb1 Re8 23. h5 Qe2 24. Qf4 Qe6 25. d5 Qd7 26. h6 Qf5 27. Qxf5 gxf5 28. Rde1 Rxe1+ 29. Rxe1 c6 30. c4 f6 1-0

[Event "SRB-chT (Women)"]
[Site "Valjevo"]
[Date "2020.09.29"]
[Round "7.4"]
[White "Zarkovic, Mila"]
[Black "Eric, Jovana"]
[Result "1-0"]
[WhiteElo "2182"]
[BlackElo "2292"]
[PlyCount "95"]
[EventDate "2020.09.25"]
[EventType "team-tourn"]
[EventRounds "11"]
[EventCountry "SRB"]
[SourceTitle "CBM 198 Extra"]
[Source "ChessBase"]
[SourceDate "2020.11.30"]
[SourceVersion "1"]
[SourceVersionDate "2020.11.30"]
[SourceQuality "1"]
[WhiteTeam "Sremska Mitrovica Sirmium (W)"]
[BlackTeam "Belgrade Rad (W)"]
[WhiteTeamCountry "SRB"]
[BlackTeamCountry "SRB"]

1. e4 e6 2. d4 d5 3. Nc3 Bb4 4. exd5 exd5 5. Bd3 Nc6 6. Nge2 Nge7 7. 0-0 Bg4 8. f3 Bf5 9. Ng3 Bxd3 10. Qxd3 Qd7 11. Nce2 0-0-0 12. c3 Bd6 13. Bf4 h5 14. Bxd6 Qxd6 15. Nf5 Qf6 16. Nxe7+ Nxe7 17. Rae1 h4 18. Nf4 Rde8 19. Qd2 Qh6 20. Rf2 c6 21. Rfe2 Qd6 22. Nd3 Qd8 23. Qg5 Ng6 24. Qf5+ Kb8 25. Qxf7 Rxe2 26. Rxe2 Qf6 27. Qd7 Qd8 28. Qxg7 Rg8 29. Qf7 Qf8 30. Qxf8+ Rxf8 31. Re6 Rg8 32. Kf2 Kc7 33. g3 Rg7 34. Ne5 Nf8 35. Rh6 hxg3+ 36. hxg3 Nh7 37. f4 Kd8 38. g4 Ke7 39. Rg6 Rxg6 40. Nxg6+ Kf6 41. Ne5 Nf8 42. Kf3 Nh7 43. g5+ Kf5 44. Ng4 b6 45. Ne3+ Ke6 46. f5+ Ke7 47. Kf4 Nf8 48. g6 1-0

[Event "SRB-chT (Women)"]
[Site "Valjevo"]
[Date "2020.09.25"]
[Round "1.2"]
[White "Belic, Jordanka"]
[Black "Zarkovic, Mila"]
[Result "1-0"]
[WhiteElo "2256"]
[BlackElo "2182"]
[PlyCount "119"]
[EventDate "2020.09.25"]
[EventType "team-tourn"]
[EventRounds "11"]
[EventCountry "SRB"]
[SourceTitle "CBM 198 Extra"]
[Source "ChessBase"]
[SourceDate "2020.11.30"]
[SourceVersion "1"]
[SourceVersionDate "2020.11.30"]
[SourceQuality "1"]
[WhiteTeam "N Varos Zlatar (W)"]
[BlackTeam "Sremska Mitrovica Sirmium (W)"]
[WhiteTeamCountry "SRB"]
[BlackTeamCountry "SRB"]

1. e4 c5 2. Nf3 d6 3. Bb5+ Nd7 4. 0-0 a6 5. Be2 Ngf6 6. d3 b5 7. c3 e6 8. Nbd2 Bb7 9. Re1 Be7 10. a4 0-0 11. Bf1 b4 12. cxb4 cxb4 13. d4 Rc8 14. Bd3 Qb6 15. a5 Qa7 16. Nb3 Qa8 17. Qe2 Rfe8 18. Bd2 h6 19. h3 Bf8 20. Nh2 e5 21. d5 Nc5 22. Nc1 Nxd3 23. Qxd3 Rb8 24. Na2 b3 25. Nb4 Bc8 26. Qxb3 Nd7 27. Qg3 Kh8 28. Bc3 Nc5 29. Nc6 Rb3 30. Nf1 Bd7 31. Nd2 Rb5 32. b4 Nb7 33. f4 Bxc6 34. dxc6 Nd8 35. c7 Qa7+ 36. Kh1 Qxc7 37. Rac1 Qb7 38. Nc4 Qe7 39. Nb6 Nc6 40. Nd5 Qd8 41. Bd2 Qd7 42. f5 Rb7 43. f6 Re6 44. Rc4 Nd4 45. Nb6 Qb5 46. Rc8 Re8 47. Rxe8 Qxe8 48. fxg7+ Bxg7 49. Qd3 Qb5 50. Qxb5 Nxb5 51. Rc1 Rc7 52. Rxc7 Nxc7 53. Nc4 Nb5 54. Bc1 Bf8 55. Na3 Nc7 56. Be3 d5 57. Bb6 Ne8 58. b5 d4 59. bxa6 d3 60. Nb1 1-0

[Event "Sharjah Masters 3rd"]
[Site "Sharjah"]
[Date "2019.03.24"]
[Round "3"]
[White "Laxman, Rajaram"]
[Black "Zarkovic, Mila"]
[Result "1-0"]
[WhiteElo "2425"]
[BlackElo "2187"]
[PlyCount "41"]
[EventDate "2019.03.22"]
[EventType "swiss"]
[EventRounds "9"]
[EventCountry "UAE"]
[SourceTitle "CBM 189 Extra"]
[Source "ChessBase"]
[SourceDate "2019.06.03"]
[SourceVersion "1"]
[SourceVersionDate "2019.06.03"]
[SourceQuality "1"]

1. d4 Nf6 2. Nf3 e6 3. c4 Bb4+ 4. Bd2 a5 5. Nc3 d6 6. g3 Nbd7 7. Bg2 0-0 8. 0-0 e5 9. a3 Bxc3 10. Bxc3 Qe7 11. Qc2 Re8 12. e3 a4 13. Rad1 h6 14. Nh4 e4 15. f3 Nb6 16. fxe4 Nxe4 17. Bb4 Bg4 18. Rde1 c5 19. Rf4 cxb4 20. Rxg4 Ng5 21. Nf5 1-0

[Event "Hoogeveen op 22nd"]
[Site "Hoogeveen"]
[Date "2018.10.27"]
[Round "9"]
[White "Zarkovic, Mila"]
[Black "Blagojevic, Tijana"]
[Result "1/2-1/2"]
[WhiteElo "2213"]
[BlackElo "2232"]
[PlyCount "42"]
[EventDate "2018.10.20"]
[EventType "swiss"]
[EventRounds "9"]
[EventCountry "NED"]
[SourceTitle "CBM 187 Extra"]
[Source "ChessBase"]
[SourceDate "2018.11.04"]
[SourceVersion "1"]
[SourceVersionDate "2018.11.04"]
[SourceQuality "1"]

1. e4 e5 2. Nf3 Nc6 3. Bb5 a6 4. Bxc6 dxc6 5. d4 exd4 6. Qxd4 Qxd4 7. Nxd4 c5 8. Ne2 Bd7 9. Nbc3 0-0-0 10. Be3 b6 11. 0-0-0 Ne7 12. f3 Ng6 13. Nd5 Kb7 14. h4 h5 15. b3 Bd6 16. Nef4 Nxf4 17. Bxf4 Be6 18. Bxd6 Rxd6 19. Nf4 Kc6 20. Rxd6+ cxd6 21. Kb2 b5 1/2-1/2

[Event "Hoogeveen op 22nd"]
[Site "Hoogeveen"]
[Date "2018.10.25"]
[Round "7"]
[White "Zarkovic, Mila"]
[Black "Verhoef, Pieter"]
[Result "1/2-1/2"]
[WhiteElo "2213"]
[BlackElo "2058"]
[PlyCount "69"]
[EventDate "2018.10.20"]
[EventType "swiss"]
[EventRounds "9"]
[EventCountry "NED"]
[SourceTitle "CBM 187 Extra"]
[Source "ChessBase"]
[SourceDate "2018.11.04"]
[SourceVersion "1"]
[SourceVersionDate "2018.11.04"]
[SourceQuality "1"]

1. e4 c5 2. Nf3 d6 3. d4 cxd4 4. Nxd4 Nf6 5. Nc3 a6 6. h3 e6 7. g4 d5 8. Nde2 Nxe4 9. Nxe4 dxe4 10. Qxd8+ Kxd8 11. Bg2 f5 12. gxf5 exf5 13. Be3 Nc6 14. 0-0-0+ Ke8 15. f3 g5 16. fxe4 f4 17. Bb6 Bg7 18. Bf3 h5 19. Rhg1 Bf6 20. Nc3 Bxh3 21. Nd5 Kf7 22. Nxf6 Kxf6 23. Rd6+ Be6 24. e5+ Kf5 25. Re1 Rae8 26. Be4+ Kxe5 27. Bc7 Kf6 28. Bd5 Ne5 29. Bd8+ Kf5 30. Be4+ Kg4 31. Rg1+ Kh3 32. Rh1+ Kg4 33. Rg1+ Kh3 34. Rh1+ Kg4 35. Rg1+ 1/2-1/2

[Event "Hoogeveen op 22nd"]
[Site "Hoogeveen"]
[Date "2018.10.24"]
[Round "6"]
[White "Ingebretsen, Jens E"]
[Black "Zarkovic, Mila"]
[Result "1-0"]
[WhiteElo "2160"]
[BlackElo "2213"]
[PlyCount "107"]
[EventDate "2018.10.20"]
[EventType "swiss"]
[EventRounds "9"]
[EventCountry "NED"]
[SourceTitle "CBM 187 Extra"]
[Source "ChessBase"]
[SourceDate "2018.11.04"]
[SourceVersion "1"]
[SourceVersionDate "2018.11.04"]
[SourceQuality "1"]

1. e4 c5 2. Nf3 d6 3. Bb5+ Bd7 4. c4 a6 5. Bxd7+ Nxd7 6. Nc3 Ngf6 7. 0-0 e6 8. d3 Be7 9. h3 Ne5 10. Nh2 Nc6 11. f4 Nd7 12. Be3 Bf6 13. Kh1 Bd4 14. Bd2 Rb8 15. Nf3 Bf6 16. e5 dxe5 17. Ne4 0-0 18. Nxf6+ Qxf6 19. fxe5 Qg6 20. Qe2 h6 21. Rad1 Qh5 22. Rfe1 Rfd8 23. Bf4 Nf8 24. Be3 Nd7 25. Bg1 Rbc8 26. a3 b6 27. b3 Ne7 28. d4 Nf5 29. Bh2 Qg6 30. d5 Ng3+ 31. Bxg3 Qxg3 32. Qe4 Nf8 33. Rd3 Qg6 34. Qxg6 Nxg6 35. Red1 exd5 36. cxd5 b5 37. g3 c4 38. bxc4 Rxc4 39. Rd4 Rc3 40. R1d3 Rc2 41. Rd2 Rc3 42. R4d3 Rc4 43. d6 Kf8 44. h4 Re4 45. Rd5 h5 46. Kg2 Ke8 47. Rc2 Re3 48. Rc7 Rd7 49. Ng5 Nh8 50. Kf2 Rxa3 51. Rc8+ Rd8 52. d7+ Ke7 53. Rxd8 Kxd8 54. e6 1-0

[Event "Hoogeveen op 22nd"]
[Site "Hoogeveen"]
[Date "2018.10.22"]
[Round "3"]
[White "Zarkovic, Mila"]
[Black "Buckels, Valentin"]
[Result "0-1"]
[WhiteElo "2213"]
[BlackElo "2413"]
[PlyCount "64"]
[EventDate "2018.10.20"]
[EventType "swiss"]
[EventRounds "9"]
[EventCountry "NED"]
[SourceTitle "CBM 187 Extra"]
[Source "ChessBase"]
[SourceDate "2018.11.04"]
[SourceVersion "1"]
[SourceVersionDate "2018.11.04"]
[SourceQuality "1"]

1. e4 e5 2. Nf3 Nc6 3. Bb5 g6 4. d4 exd4 5. Nxd4 Bg7 6. Be3 Nf6 7. Nc3 0-0 8. f3 a6 9. Bxc6 bxc6 10. Qd2 Qe7 11. 0-0 Re8 12. Rfe1 Qf8 13. Bf4 Ra7 14. Kh1 Nh5 15. Be3 Rb7 16. Rab1 Rb8 17. Nb3 d6 18. Ba7 Ra8 19. Bd4 Be6 20. Na5 c5 21. Bxg7 Qxg7 22. Nd5 Rac8 23. Nc6 Qf8 24. g4 Bxd5 25. Qxd5 Nf4 26. Qg5 Ne6 27. Qf6 Ra8 28. b4 cxb4 29. Rxb4 a5 30. Rc4 Nc5 31. Rb1 Ra6 32. Qc3 Rxc6 0-1

[Event "SRB-chT (Women)"]
[Site "Valjevo"]
[Date "2018.09.06"]
[Round "7.2"]
[White "Zarkovic, Mila"]
[Black "Djukic, Sandra"]
[Result "1/2-1/2"]
[WhiteElo "2185"]
[BlackElo "2162"]
[PlyCount "94"]
[EventDate "2018.08.31"]
[EventType "team-tourn"]
[EventRounds "11"]
[EventCountry "SRB"]
[SourceTitle "CBM 186 Extra"]
[Source "ChessBase"]
[SourceDate "2018.08.24"]
[SourceVersion "1"]
[SourceVersionDate "2018.08.24"]
[SourceQuality "1"]
[WhiteTeam "Belgrade Rad (W)"]
[BlackTeam "Rudovci Radnicki (W)"]
[WhiteTeamCountry "SRB"]
[BlackTeamCountry "SRB"]

1. e4 e6 2. d4 d5 3. Nc3 Bb4 4. exd5 Qxd5 5. Nf3 Nf6 6. Bd3 Qd8 7. 0-0 Nc6 8. Bg5 h6 9. Bxf6 Qxf6 10. Ne4 Qd8 11. c3 Be7 12. Qe2 a6 13. Rad1 0-0 14. Ne5 Qe8 15. Bc2 Nxe5 16. dxe5 Qb5 17. Qf3 Qxe5 18. Rfe1 Qb5 19. b3 f5 20. Ng3 Bf6 21. Nh5 Bd7 22. Qg3 Be8 23. Nxf6+ Rxf6 24. Qxc7 Rg6 25. g3 Rf6 26. Bd3 Qc6 27. Qxc6 Bxc6 28. Bc4 Kf7 29. Rd6 Re8 30. f4 g5 31. Re5 gxf4 32. gxf4 Rg8+ 33. Kf1 Rg4 34. Rd4 Ke7 35. Re2 Rfg6 36. Ke1 Rg1+ 37. Kd2 R1g2 38. h4 Bf3 39. Rxg2 Rxg2+ 40. Ke3 Be4 41. Rd2 Rg3+ 42. Kd4 Kf6 43. Be2 Rh3 44. h5 Rh4 45. Ke3 Rh3+ 46. Kd4 Rh4 47. Ke3 Rh3+ 1/2-1/2

[Event "SRB-chT (Women)"]
[Site "Valjevo"]
[Date "2018.09.05"]
[Round "6.3"]
[White "Stankovic, Marija1111"]
[Black "Zarkovic, Mila"]
[Result "0-1"]
[WhiteElo "1629"]
[BlackElo "2185"]
[PlyCount "88"]
[EventDate "2018.08.31"]
[EventType "team-tourn"]
[EventRounds "11"]
[EventCountry "SRB"]
[SourceTitle "CBM 186 Extra"]
[Source "ChessBase"]
[SourceDate "2018.08.24"]
[SourceVersion "1"]
[SourceVersionDate "2018.08.24"]
[SourceQuality "1"]
[WhiteTeam "Banovci Dunav (W)"]
[BlackTeam "Belgrade Rad (W)"]
[WhiteTeamCountry "SRB"]
[BlackTeamCountry "SRB"]

1. e4 c5 2. Nf3 e6 3. Qe2 Nc6 4. c3 Nf6 5. g3 Be7 6. Bg2 d5 7. e5 Nd7 8. d3 Qc7 9. Bf4 b5 10. Nbd2 0-0 11. 0-0 a5 12. b3 a4 13. h4 Bb7 14. c4 bxc4 15. bxc4 Nb6 16. a3 Rab8 17. h5 dxc4 18. dxc4 Na5 19. Rab1 Ba6 20. Rfc1 Nd5 21. Qe4 Rxb1 22. Nxb1 Nxf4 23. Qxf4 Rd8 24. Nc3 Nb3 25. Re1 Nd4 26. Qc1 Bxc4 27. Nxd4 Rxd4 28. Nxa4 h6 29. Nb2 Bb5 30. Qc3 Bg5 31. Rd1 Qxe5 32. f4 Rxd1+ 33. Nxd1 Qe2 34. Nf2 Be7 35. Ne4 Qd1+ 36. Kf2 Qe2+ 37. Kg1 Qxh5 38. Qb3 Qe2 39. Nc3 Qe3+ 40. Kh2 Bd3 41. a4 c4 42. Qb7 Bc5 43. Qa8+ Kh7 44. a5 Bf5 0-1

[Event "SRB-chT (Women)"]
[Site "Valjevo"]
[Date "2018.09.04"]
[Round "5.3"]
[White "Zarkovic, Mila"]
[Black "Chelushkina, Irina"]
[Result "1/2-1/2"]
[WhiteElo "2185"]
[BlackElo "2280"]
[PlyCount "84"]
[EventDate "2018.08.31"]
[EventType "team-tourn"]
[EventRounds "11"]
[EventCountry "SRB"]
[SourceTitle "CBM 186 Extra"]
[Source "ChessBase"]
[SourceDate "2018.08.24"]
[SourceVersion "1"]
[SourceVersionDate "2018.08.24"]
[SourceQuality "1"]
[WhiteTeam "Belgrade Rad (W)"]
[BlackTeam "BAS (W)"]
[WhiteTeamCountry "SRB"]
[BlackTeamCountry "SRB"]

1. e4 c6 2. d4 Na6 3. Nc3 Nc7 4. h4 d5 5. e5 h5 6. Be2 g6 7. Be3 Nh6 8. Qd2 Nf5 9. Nf3 Bh6 10. Bg5 Ne6 11. 0-0-0 Qa5 12. Kb1 Bd7 13. Bxh6 Nxh6 14. Ng5 Nf5 15. Nxe6 Bxe6 16. Bf3 0-0-0 17. Ne2 Qxd2 18. Rxd2 Ng7 19. Nf4 Bf5 20. a4 Kc7 21. b3 a5 22. Kb2 Ne6 23. Nxe6+ Bxe6 24. Be2 f6 25. f4 fxe5 26. dxe5 Bf5 27. Bf3 e6 28. Be2 Kb6 29. Rg1 Kc5 30. c3 Kb6 31. g3 c5 32. Rgd1 Rc8 33. Rg1 Rc7 34. Rgd1 Rhc8 35. c4 d4 36. Bd3 Rd7 37. Kc2 Kc7 38. Rg1 Rh8 39. Rh2 Kd8 40. Kd2 Rdh7 41. Re2 Rd7 42. Rh2 Rdh7 1/2-1/2

[Event "SRB-chT (Women)"]
[Site "Valjevo"]
[Date "2018.09.03"]
[Round "4.2"]
[White "Ostojic, Katarina"]
[Black "Zarkovic, Mila"]
[Result "1/2-1/2"]
[WhiteElo "2134"]
[BlackElo "2185"]
[PlyCount "91"]
[EventDate "2018.08.31"]
[EventType "team-tourn"]
[EventRounds "11"]
[EventCountry "SRB"]
[SourceTitle "CBM 186 Extra"]
[Source "ChessBase"]
[SourceDate "2018.08.24"]
[SourceVersion "1"]
[SourceVersionDate "2018.08.24"]
[SourceQuality "1"]
[WhiteTeam "Crvena Zvezda (W)"]
[BlackTeam "Belgrade Rad (W)"]
[WhiteTeamCountry "SRB"]
[BlackTeamCountry "SRB"]

1. d4 Nf6 2. Nf3 e6 3. Bf4 c5 4. c3 Nc6 5. e3 d5 6. Nbd2 Bd6 7. Bg3 Qe7 8. Bb5 0-0 9. Bxc6 bxc6 10. Qa4 Bd7 11. Bxd6 Qxd6 12. Qa3 Qb8 13. dxc5 e5 14. b4 e4 15. Nd4 Ng4 16. Qa6 Ne5 17. 0-0 Ng4 18. g3 Qe5 19. Kg2 Qh5 20. Rh1 Ne5 21. h3 Rae8 22. Qe2 Qg6 23. c4 Nd3 24. cxd5 cxd5 25. a3 f5 26. Kh2 f4 27. gxf4 Rxf4 28. exf4 Nxf4 29. Rag1 Qh6 30. Qe3 Bxh3 31. Rxg7+ Kxg7 32. Kg1 Qg6+ 33. Qg3 e3 34. Qxg6+ hxg6 35. fxe3 Rxe3 36. Kf2 Rxa3 37. N2b3 g5 38. c6 Bc8 39. Kf3 Kg6 40. Rh8 Ba6 41. c7 Ne6 42. Nxe6 Rxb3+ 43. Kf2 Rb2+ 44. Ke3 Rb3+ 45. Kf2 Rb2+ 46. Kf3 1/2-1/2

[Event "SRB-chT (Women)"]
[Site "Valjevo"]
[Date "2018.09.01"]
[Round "2.1"]
[White "Tomin, Ksenija"]
[Black "Zarkovic, Mila"]
[Result "0-1"]
[WhiteElo "2006"]
[BlackElo "2185"]
[PlyCount "48"]
[EventDate "2018.08.31"]
[EventType "team-tourn"]
[EventRounds "11"]
[EventCountry "SRB"]
[SourceTitle "CBM 186 Extra"]
[Source "ChessBase"]
[SourceDate "2018.08.24"]
[SourceVersion "1"]
[SourceVersionDate "2018.08.24"]
[SourceQuality "1"]
[WhiteTeam "Sahmatni kruzok (W)"]
[BlackTeam "Belgrade Rad (W)"]
[WhiteTeamCountry "SRB"]
[BlackTeamCountry "SRB"]

1. e4 c5 2. Nf3 d6 3. c3 Nf6 4. h3 Nc6 5. Bd3 d5 6. e5 c4 7. Bc2 Nd7 8. Qe2 Qc7 9. Ba4 g6 10. b3 Nc5 11. Bxc6+ bxc6 12. bxc4 Bf5 13. Ba3 Nd3+ 14. Kf1 dxc4 15. Kg1 Bg7 16. g4 Be6 17. Ng5 Bd5 18. e6 f6 19. Nf3 Qf4 20. Nd4 h5 21. gxh5 Bxh1 22. Kxh1 Rxh5 23. Kg2 Re5 24. Qf3 Ne1+ 0-1

[Event "SRB-ch (Women) 12th"]
[Site "Kragujevac"]
[Date "2018.03.25"]
[Round "9"]
[White "Zarkovic, Mila"]
[Black "Gajcin, Marina"]
[Result "1-0"]
[WhiteElo "2219"]
[BlackElo "2295"]
[PlyCount "121"]
[EventDate "2018.03.17"]
[EventType "tourn"]
[EventRounds "9"]
[EventCountry "SRB"]
[SourceTitle "CBM 183 Extra"]
[Source "ChessBase"]
[SourceDate "2018.04.19"]
[SourceVersion "1"]
[SourceVersionDate "2018.04.19"]
[SourceQuality "1"]

1. e4 c5 2. Nf3 d6 3. d4 cxd4 4. Nxd4 Nf6 5. Nc3 a6 6. Be2 e5 7. Nb3 Be7 8. 0-0 0-0 9. Re1 Be6 10. Bf3 Nbd7 11. a4 Rc8 12. Nd2 Qa5 13. Nf1 b5 14. Ne3 b4 15. Ncd5 Bxd5 16. exd5 g6 17. Bd2 Ne8 18. c3 bxc3 19. Bxc3 Qb6 20. a5 Qb7 21. Ra4 f5 22. Nc4 Qc7 23. Rb4 Rb8 24. Rxb8 Qxb8 25. Qa4 Nef6 26. Qc6 e4 27. Be2 Nc5 28. Nb6 Bd8 29. Bxf6 Bxf6 30. b4 Nd3 31. Bxd3 exd3 32. Rd1 Qe8 33. Qxd6 Bc3 34. Qe6+ Qxe6 35. dxe6 Bxb4 36. Nd5 Bxa5 37. e7 Rc8 38. Nf6+ Kf7 39. e8Q+ Rxe8 40. Nxe8 Kxe8 41. Rxd3 Bb4 42. Rh3 h5 43. Rd3 a5 44. h4 Ke7 45. Kf1 Bd6 46. Rd5 a4 47. Ra5 a3 48. Ke2 Ke6 49. Ke3 Bb4 50. Ra6+ Kf7 51. g3 Bc5+ 52. Kf4 Bb4 53. Kg5 Be7+ 54. Kh6 Bf8+ 55. Kh7 Bc5 56. f4 Be7 57. Ra7 Kf6 58. Kg8 Bb4 59. Ra6+ Ke7 60. Kg7 Be1 61. Rxa3 1-0

[Event "SRB-ch (Women) 12th"]
[Site "Kragujevac"]
[Date "2018.03.22"]
[Round "6"]
[White "Zarkovic, Mila"]
[Black "Injac, Teodora"]
[Result "1/2-1/2"]
[WhiteElo "2219"]
[BlackElo "2291"]
[PlyCount "84"]
[EventDate "2018.03.17"]
[EventType "tourn"]
[EventRounds "9"]
[EventCountry "SRB"]
[SourceTitle "CBM 183 Extra"]
[Source "ChessBase"]
[SourceDate "2018.04.19"]
[SourceVersion "1"]
[SourceVersionDate "2018.04.19"]
[SourceQuality "1"]

1. e4 e6 2. d4 d5 3. Nc3 Nf6 4. Bg5 Bb4 5. exd5 Qxd5 6. Bxf6 gxf6 7. Nge2 Nc6 8. Qd3 Bd7 9. 0-0-0 Qa5 10. a3 Be7 11. f4 0-0-0 12. g3 f5 13. Bg2 Bf6 14. Qc4 Ne7 15. Kb1 Kb8 16. Nc1 Qb6 17. Nb3 c6 18. Rhe1 h5 19. Nc5 Bc8 20. Re3 Ka8 21. N5a4 Qa5 22. Red3 Kb8 23. Nc5 Nd5 24. Ne2 b6 25. Nb3 Qa6 26. Bxd5 cxd5 27. Qb4 Qb7 28. Ng1 a5 29. Qe1 a4 30. Nc1 Bd7 31. Nf3 Bb5 32. Rc3 Rhg8 33. Ne5 h4 34. Na2 hxg3 35. hxg3 Rh8 36. Nb4 Ka8 37. Qe3 Rh2 38. Rd2 Rh1+ 39. Ka2 Rdh8 40. Nbd3 Rf1 41. Nf2 Rh2 42. b3 Bg7 1/2-1/2